C&G Homes Ltd v SoS for Health (Record no. 27186)
[ view plain ]
| 000 -LEADER | |
|---|---|
| fixed length control field | 01535cab a2200217 4500 |
| 001 - CONTROL NUMBER | |
| control field | ABS43575 |
| 008 - FIXED-LENGTH DATA ELEMENTS--GENERAL INFORMATION | |
| fixed length control field | 090401t1990 xxu||||| |||| 00| 0 eng d |
| 035 ## - SYSTEM CONTROL NUMBER | |
| System control number | (Sirsi) u42407 |
| 041 ## - LANGUAGE CODE | |
| Language code of text/sound track or separate title | eng |
| 245 ## - TITLE STATEMENT | |
| Title | C&G Homes Ltd v SoS for Health |
| 260 ## - PUBLICATION, DISTRIBUTION, ETC. | |
| Date of publication, distribution, etc. | 1990 |
| 350 ## - PRICE (NR) (BK AM CF MU VM SE) [OBSOLETE] | |
| Price | 0 |
| 490 ## - SERIES STATEMENT | |
| Series statement | Weekly Law Reports |
| Volume/sequential designation | (1990) 1 WLR 1272-1280(9) |
| 520 ## - SUMMARY, ETC. | |
| Summary, etc. | ChD 11 April 1990. The district health authority acquired two houses to provide supervised housing for a group of former mental in-patients . The houses were on a residential estate being developed by the plaintiffs, C, and were subject to covenants which held that no nuisance should be caused to other residents and no business should be carried on from the premises. The patients were not paying rent for the accommodation as they were still technically under health service care and the health service would provide money for the houses budget, however if they became entitled to benefit this would be added to the common purse. C claimed that this use would be a breach of covenant and claimed damages . It was held that as the SoS was not using the house as a private dwelling but for the purpose of discharging his functions of the SoS he was in breach of covenant and this function reduced the value of other properties on the estate causing C to give concessions in order to sell them. It |
| 650 ## - SUBJECT ADDED ENTRY--TOPICAL TERM | |
| Topical term or geographic name entry element | COMMUNITY CARE |
| 650 ## - SUBJECT ADDED ENTRY--TOPICAL TERM | |
| Topical term or geographic name entry element | HOUSING ESTATES |
| 650 ## - SUBJECT ADDED ENTRY--TOPICAL TERM | |
| Topical term or geographic name entry element | SHELTERED HOUSING |
| 690 ## - LOCAL SUBJECT ADDED ENTRY--TOPICAL TERM (OCLC, RLIN) | |
| Topical term or geographic name as entry element | PROPERTY LAW AND PRACTICE-CASE LAW |
| 942 ## - ADDED ENTRY ELEMENTS (KOHA) | |
| Suppress in OPAC | 0 |
| 948 ## - LOCAL PROCESSING INFORMATION (OCLC); SERIES PART DESIGNATOR (RLIN) | |
| c (OCLC) | 04/03/1997 |
| Withdrawn status | Lost status | Source of classification or shelving scheme | Damaged status | Not for loan | Home library | Current library | Shelving location | Date acquired | Total Checkouts | Full call number | Barcode | Date last seen | Copy number | Price effective from | Koha item type |
|---|---|---|---|---|---|---|---|---|---|---|---|---|---|---|---|
| Dewey Decimal Classification | London | London | Journal article | 14/09/1999 | ABS43575 | 42407-1001 | 06/08/2019 | 1 | 06/08/2019 | Law report |